Polskie miejscowości nadmorskie - Statystyki

Ogólne statystyki
  • Ten quiz został rozwiązany 121 razy
  • Średni wynik to 35 z 82
Statystyki odpowiedzi
Miejscowość % Poprawnych
Gdańsk
97%
Gdynia
97%
Sopot
96%
Hel
95%
Świnoujście
95%
Kołobrzeg
92%
Jastarnia
89%
Łeba
89%
Władysławowo
89%
Ustka
88%
Krynica Morska
87%
Międzyzdroje
87%
Puck
79%
Mielno
75%
Rewa
75%
Jastrzębia Góra
74%
Chałupy
72%
Darłowo
71%
Dziwnów
68%
Stegna
66%
Jurata
64%
Rewal
61%
Ustronie Morskie
58%
Dąbki
54%
Dębki
53%
Dziwnówek
50%
Jarosławiec
50%
Jantar
49%
Kąty Rybackie
49%
Sarbinowo
49%
Trzęsacz
47%
Rowy
46%
Kuźnica
45%
Międzywodzie
45%
Karwia
43%
Pobierowo
43%
Dźwirzyno
39%
Łazy
39%
Niechorze
39%
Mrzeżyno
38%
Sztutowo
38%
Gąski
37%
Grzybowo
37%
Chłopy
34%
Rozewie
34%
Mikoszewo
32%
Mielenko
30%
Chłapowo
29%
Pogorzelica
29%
Białogóra
28%
Pustkowo
28%
Sianożęty
28%
Unieście
28%
Wicie
28%
Mechelinki
26%
Wisełka
24%
Łukęcin
21%
Swarzewo
21%
Czołpino
18%
Ostrowo
17%
Rogowo
17%
Junoszyno
16%
Poddąbie
16%
Beka
14%
Dębina
14%
Rzucewo
14%
Biała Góra
13%
Bobolin
13%
Orzechowo
13%
Osetnik
13%
Pleśna
13%
Skowronki
13%
Rusinowo
12%
Dąbkowice
11%
Osłonino
11%
Świętouść
11%
Błądzikowo
9%
Kopań
9%
Gnieżdżewo
8%
Grodno
8%
Wieniotowo
7%
Piaśnica
5%
Nie znaleziono quizów pasujących do podanych kryteriów
Rozkład punktacji
Procent ludzi z każdym wynikiem
Percentyl według liczby udzielonych odpowiedzi
Twoja historia wyników
Nie rozwiązałeś tego quizu